| 000 | 00594cam a2200157 4500 | ||
|---|---|---|---|
| 008 | 150317n 000 0 eng u | ||
| 035 | _a(Sirsi) a188872 | ||
| 050 | _aTS 200 NEW 1976 | ||
| 110 | 1 | _aAmerican society for metals | |
| 245 |
_aNew trends in material processing: _bpapers presented at a seminar of the American society for metals October 19 and 20, 1974 |
||
| 260 |
_aOhio: _bAmerican society for metals, _c1976. |
||
| 300 |
_a363p. : _bill. |
||
| 500 | _aMaterial science symposium | ||
| 504 | _aIncludes bibliographical references and index | ||
| 650 | _aMetal-work-congresses | ||
| 999 |
_c125063 _d125063 |
||